Itinerarios de viajes circulares y semi-circulares por los ferro-carriles de la península, vigentes desde el 15 de marzo de 1897. (Registro nro. 187539)

Detalles MARC
000 -LEADER
campo de control de longitud fija 00762nam a2200193 i 4500
001 - NÚMERO DE CONTROL
campo de control 187539
003 - IDENTIFICADOR DE NÚMERO DE CONTROL
campo de control ES-MaACL
005 - FECHA Y HORA DE LA ÚLTIMA TRANSACCIÓN
campo de control 20230906222945.0
008 - DATOS DE LONGITUD FIJA--INFORMACIÓN GENERAL
campo de control de longitud fija 171120s1897 sp |||| | spa d
080 ## - NÚMERO DE LA CLASIFICACIÓN DECIMAL UNIVERSAL
Número de la Clasificación Decimal Universal 656.2(460)
245 00 - MENCIÓN DEL TÍTULO
Título Itinerarios de viajes circulares y semi-circulares por los ferro-carriles de la península, vigentes desde el 15 de marzo de 1897.
260 ## - PUBLICACIÓN, DISTRIBUCIÓN, ETC.
Lugar de publicación, distribución, etc. Madrid :
Nombre del editor, distribuidor, etc. [s.n.],
Fecha de publicación, distribución, etc. 1897 (
Fabricante Estab. Tip. "Sucesores de Rivadeneyra)
300 ## - DESCRIPCIÓN FÍSICA
Extensión 50 p. :
Otras características físicas mapas ;
Dimensiones 18 cm.
530 ## - NOTA DISPONIBLE DE FORMULARIO FÍSICO ADICIONAL
Nota de formato físico adicional disponible Disponible en formato digital.
594 ## - Nota al título y mención de responsabilidad
Nota al título y mención de responsabilidad Tít. tomado de cubierta.
650 #4 - PUNTO DE ACCESO ADICIONAL DE MATERIA--TÉRMINO DE MATERIA
Término de materia o nombre geográfico como elemento de entrada Ferrocarriles-
Subdivisión geográfica España-
Subdivisión cronológica S. XIX.
9 (RLIN) 12762
852 4# - LOCALIZACIÓN
Ubicación ES-MaACL
Número de control de estantería T-760-F-4
856 4# - LOCALIZACIÓN Y ACCESO ELECTRÓNICOS
Identificador Uniforme de Recursos <a href="http://bdh-rd.bne.es/viewer.vm?id=0000048572&page=1 ">http://bdh-rd.bne.es/viewer.vm?id=0000048572&page=1 </a>
Nota pública Biblioteca Digital Hispánica
Existencias
Estatus retirado Estado de pérdida Estado de daño No para préstamo Colección Biblioteca de origen Biblioteca actual Ubicación en estantería Fecha de adquisición Fuente de adquisición Total de préstamos Signatura topográfica completa Código de barras Visto por última vez Precio de reemplazo Tipo de ítem Koha
        Colección de folletos Biblioteca del Ateneo de Madrid Biblioteca del Ateneo de Madrid Depósito folletos 20/11/2017     T-760-F-4 1198066 23/02/2023 23/02/2023 Folleto